Countries One Ok Rock has Visited - Statistics

General Stats
  • This quiz has been taken 14 times
  • The average score is 29 of 36
Answer Stats
Continent Country % Correct
Oceania Australia
100%
Europe France
100%
Europe Germany
100%
Europe Italy
100%
Asia Japan
100%
Europe Spain
100%
Europe United Kingdom
100%
North America United States of America
100%
South America Brazil
92%
Asia China
92%
North America Mexico
92%
Asia Taiwan
92%
Asia Thailand
92%
South America Argentina
83%
North America Canada
83%
Asia Indonesia
83%
Asia Malaysia
83%
Asia/ Europe Russia
83%
Asia South Korea
83%
Europe Austria
75%
Europe Belgium
75%
South America Chile
75%
Europe Denmark
75%
Europe Netherlands
75%
South America Peru
75%
Europe Poland
75%
Europe Sweden
75%
Europe Czech Republic
67%
Europe Hungary
67%
Europe Norway
67%
Asia Philippines
67%
Asia Singapore
67%
Europe Switzerland
67%
Europe Finland
58%
Europe Ireland
58%
Europe Luxembourg
58%
No matching quizzes found
Score Distribution
Percent of People with Each Score
Percentile by Number Answered
Your Score History
You have not taken this quiz